000 00587nam a2200193Ia 4500
003 GCL
008 140319s9999 xx 000 0 ara d
040 _aGCL /
_cGCL
082 0 4 _a364
_bب ج
100 1 _aبدرالدين على
245 1 0 _aالجريمة والمجتمع /
_cبدرالدين على
300 _a128 ص
490 _aالمكتبة الثقافية
_v0
650 0 4 _aالجريمة والمجرمون
650 0 4 _aالخدمة الاجتماعية
650 0 4 _aالبناء الاجتماعى
650 0 4 _aالبعد الاجتماعى
942 _2ddc
_cBK
999 _c39699
_d39699